Comprehensive history modern india: Part-1/ (Record no. 167680)

MARC details
000 -LEADER
fixed length control field 00623nam a22002057a 4500
005 - DATE AND TIME OF LATEST TRANSACTION
control field 20190916163456.0
010 ## - LCCN (DPL NO)
LC control number B-228644
020 ## - INTERNATIONAL STANDARD BOOK NUMBER
Terms of availability 95.00
035 ## - SYSTEM CONTROL NUMBER
System control number B-228644
037 ## - SOURCE OF ACQUISITION
Source of stock number/acquisition Chronicle publications
082 ## - DEWEY DECIMAL CLASSIFICATION NUMBER
Classification number 954
Item number COM
100 ## - MAIN ENTRY--PERSONAL NAME
Personal name Ojha,N.N
245 ## - TITLE STATEMENT
Title Comprehensive history modern india: Part-1/
Statement of responsibility, etc N.N.Ojha
Medium English
260 ## - PUBLICATION, DISTRIBUTION, ETC. (IMPRINT)
Place of publication, distribution, etc Noida (U.P.)
Name of publisher, distributor, etc Chronicle publications
Date of publication, distribution, etc 2008
270 ## - ADDRESS
Address A-26,sector-2,Noida(U.P)
300 ## - PHYSICAL DESCRIPTION
Extent x,341p.
Other physical details 20c.m(pbk)
650 ## - SUBJECT ADDED ENTRY--TOPICAL TERM
Topical term or geographic name as entry element HISTORY
942 ## - ADDED ENTRY ELEMENTS (KOHA)
Source of classification or shelving scheme Dewey Decimal Classification
Item type English Books
Classification part 954
Call number suffix COM
Holdings
Withdrawn status Lost status Not for loan Home library Current library Date acquired Cost, normal purchase price Full call number Barcode Koha item type
      R.C.Libraries (zls) R.C.Libraries (zls) 16/09/2019 95.00 954 COM B-228644 English Books

© Delhi Public Library
Hit Counter
free hit counter